[Event "NRW Cup"]
[Site "Germany"]
[Date "2012.05.12"]
[Round "1.4"]
[White "Heimsoth, Sven Holger"]
[Black "Stork, Joachim"]
[Result "1/2-1/2"]
[WhiteElo "2104"]
[BlackElo "1955"]
[PlyCount "116"]
[EventDate "2012.05.12"]
[EventType "team-k.o."]
[EventRounds "3"]
[EventCountry "GER"]
[SourceTitle "EXT 2015"]
[Source "ChessBase"]
[SourceDate "2014.11.20"]
[SourceVersion "1"]
[SourceVersionDate "2014.11.20"]
[SourceQuality "1"]
[WhiteTeam "Lieme"]
[BlackTeam "Muelheim Nord"]
[WhiteTeamCountry "GER"]
[BlackTeamCountry "GER"]

1. Nf3 f5 2. d3 Nf6 3. e4 d6 4. Nc3 e5 5. exf5 Bxf5 6. d4 Nc6 7. Bb5 exd4 8. Nxd4 Bd7 9. 0-0 Be7 10. Bg5 Nxd4 11. Bxd7+ Qxd7 12. Qxd4 0-0 13. Rfe1 c6 14. Rad1 d5 15. Qe5 Bc5 16. Bxf6 gxf6 17. Qg3+ Qg7 18. Na4 Qxg3 19. hxg3 Bb6 20. Re7 Rf7 21. Rde1 Kf8 22. R7e6 Rc8 23. b3 Bd4 24. c3 b5 25. cxd4 bxa4 26. bxa4 c5 27. Rc1 c4 28. Rd6 c3 29. Rxd5 Rfc7 30. Rc2 Kf7 31. Kf1 Ke6 32. Ra5 Rc4 33. d5+ Ke5 34. d6+ Kxd6 35. Ke2 Rd4 36. Ke3 Rd1 37. Ke2 Rd4 38. Ke3 Rd1 39. Ra6+ Kd5 40. Rxa7 Re8+ 41. Kf4 Rd3 42. a5 Rc8 43. a6 Kc4 44. Rb7 Rd2 45. Rxd2 cxd2 46. Rd7 Kc3 47. a7 Kc2 48. Kf5 d1Q 49. Rxd1 Kxd1 50. Kxf6 Ke2 51. f4 Ke3 52. f5 Ke4 53. g4 Ra8 54. g5 Rxa7 55. g6 hxg6 56. fxg6 Rxa2 57. g7 Rxg2 58. Kf7 Rxg7+ 1/2-1/2

[Event "Werther Schloss op-A 15th"]
[Site "Werther"]
[Date "2009.04.05"]
[Round "7"]
[White "Hoeren, Andreas"]
[Black "Stork, Joachim"]
[Result "1/2-1/2"]
[WhiteElo "2137"]
[BlackElo "2035"]
[PlyCount "92"]
[EventDate "2009.04.02"]
[EventType "swiss"]
[EventRounds "7"]
[EventCountry "GER"]
[SourceTitle "CBM 131 Extra"]
[Source "ChessBase"]
[SourceDate "2009.09.03"]
[SourceVersion "2"]
[SourceVersionDate "2009.09.16"]
[SourceQuality "1"]

1. e4 d5 2. exd5 Qxd5 3. Nf3 Nf6 4. d4 Bg4 5. Be2 Nc6 6. 0-0 e6 7. c4 Qd8 8. Be3 Be7 9. Nc3 0-0 10. Qd2 Bb4 11. a3 Ne4 12. Qc2 Nxc3 13. bxc3 Be7 14. Rfd1 Bf5 15. Qb2 Qc8 16. d5 Nd8 17. Nd4 Bg6 18. Bf3 c6 19. Bf4 Bf6 20. Bg4 Bxd4 21. cxd4 f5 22. Bf3 exd5 23. cxd5 cxd5 24. Bxd5+ Bf7 25. Rac1 Qd7 26. Bxf7+ Qxf7 27. d5 Qf6 28. Be5 Qg6 29. Rc7 Rf7 30. Rdc1 Qb6 31. Qxb6 axb6 32. Rc8 Rxc8 33. Rxc8 Rf8 34. Rc7 Nf7 35. f4 Rd8 36. d6 g5 37. g3 gxf4 38. gxf4 Nxd6 39. Rg7+ Kf8 40. Rxh7 Nf7 41. Rh5 Nxe5 42. fxe5 Ke7 43. Rxf5 Ke6 44. Rg5 Rd3 45. Rg3 Rd1+ 46. Kg2 Rd2+ 1/2-1/2

[Event "Werther Schloss op-A 15th"]
[Site "Werther"]
[Date "2009.04.02"]
[Round "1"]
[White "Gazic, Josip"]
[Black "Stork, Joachim"]
[Result "1-0"]
[WhiteElo "2252"]
[BlackElo "2035"]
[PlyCount "73"]
[EventDate "2009.04.02"]
[EventType "swiss"]
[EventRounds "7"]
[EventCountry "GER"]
[SourceTitle "CBM 131 Extra"]
[Source "ChessBase"]
[SourceDate "2009.09.03"]
[SourceVersion "2"]
[SourceVersionDate "2009.09.16"]
[SourceQuality "1"]

1. Nf3 f5 2. c4 Nf6 3. b3 b6 4. Bb2 Bb7 5. Nc3 e6 6. e3 Be7 7. h4 d6 8. h5 Rg8 9. Nb5 Qd7 10. Ng5 Na6 11. Rc1 h6 12. Nf3 Ne4 13. d3 Bf6 14. Ba3 Ng5 15. Nh4 Nf7 16. d4 c5 17. Ng6 Nc7 18. Nc3 e5 19. d5 Nh8 20. Nxh8 Rxh8 21. e4 f4 22. g3 fxg3 23. fxg3 Bg5 24. Bh3 Qe7 25. Rc2 Bc8 26. Bf5 Bxf5 27. exf5 Rf8 28. Qg4 Bf6 29. 0-0 Kf7 30. Ne4 Kg8 31. Bc1 Kh8 32. Qg6 Ne8 33. g4 Qf7 34. g5 Qxg6 35. hxg6 hxg5 36. Rh2+ Kg8 37. Kg2 1-0

[Event "Lippe Cup 05th"]
[Site "Lieme"]
[Date "2008.09.28"]
[Round "4"]
[White "Stork, Joachim"]
[Black "Kraetzer, Ruediger"]
[Result "1/2-1/2"]
[WhiteElo "2041"]
[BlackElo "2086"]
[PlyCount "58"]
[EventDate "2008.09.26"]
[EventType "swiss"]
[EventRounds "5"]
[EventCountry "GER"]
[SourceTitle "EXT 2012"]
[Source "ChessBase"]
[SourceDate "2011.11.24"]
[SourceVersion "1"]
[SourceVersionDate "2011.11.24"]
[SourceQuality "1"]

1. d4 d5 2. Nf3 Nf6 3. g3 c6 4. Bg2 Bf5 5. 0-0 h6 6. Nbd2 Nbd7 7. c4 e6 8. a3 Be7 9. Re1 0-0 10. c5 b6 11. b4 a5 12. Bb2 axb4 13. axb4 bxc5 14. bxc5 Qc7 15. Nh4 Bh7 16. f4 Ne4 17. Bxe4 Bxe4 18. Nxe4 Bxh4 19. Nf2 Be7 20. e4 dxe4 21. Nxe4 Nf6 22. Qf3 Nxe4 23. Qxe4 Bf6 24. Rxa8 Rxa8 25. Ra1 Rxa1+ 26. Bxa1 Qa5 27. Qb1 Qd2 28. Qb2 Qe1+ 29. Kg2 Qe4+ 1/2-1/2

[Event "Lippe Cup 05th"]
[Site "Lieme"]
[Date "2008.09.26"]
[Round "1"]
[White "Stork, Joachim"]
[Black "Bluebaum, Johanna"]
[Result "0-1"]
[WhiteElo "2041"]
[BlackElo "1905"]
[PlyCount "85"]
[EventDate "2008.09.26"]
[EventType "swiss"]
[EventRounds "5"]
[EventCountry "GER"]
[SourceTitle "EXT 2012"]
[Source "ChessBase"]
[SourceDate "2011.11.24"]
[SourceVersion "1"]
[SourceVersionDate "2011.11.24"]
[SourceQuality "1"]

1. d4 Nf6 2. Bg5 e6 3. Nf3 h6 4. Bh4 Be7 5. e3 b6 6. Bd3 Bb7 7. Nbd2 0-0 8. 0-0 d6 9. Qe2 Nbd7 10. c4 c5 11. a3 Qc7 12. b4 Rad8 13. Be4 Rfe8 14. Bxb7 Qxb7 15. e4 cxd4 16. Nxd4 Ne5 17. f4 Nc6 18. Nxc6 Qxc6 19. e5 Nd7 20. Bg3 d5 21. Rac1 Nf8 22. Rfd1 Qb7 23. Qf3 Rd7 24. Bf2 Rc8 25. Rc3 Qa6 26. Rdc1 dxc4 27. Nxc4 Rcd8 28. g4 Qa4 29. Kg2 Qb5 30. Ne3 Ng6 31. Kh3 Rd4 32. Bg3 a5 33. bxa5 bxa5 34. Nc4 Nf8 35. Bf2 R4d5 36. Qe4 a4 37. Be3 Nh7 38. R1c2 Qb1 39. Nb6 Qf1+ 40. Kg3 Qe1+ 41. Kh3 Qh4+ 42. Kg2 Qxg4+ 43. Kf2 0-1

[Event "Lippe Cup 03rd"]
[Site "Lieme"]
[Date "2006.10.08"]
[Round "5"]
[White "Beer, Markus"]
[Black "Stork, Joachim"]
[Result "1/2-1/2"]
[WhiteElo "1800"]
[BlackElo "2027"]
[PlyCount "46"]
[EventDate "2006.10.06"]
[EventType "swiss"]
[EventRounds "5"]
[EventCountry "GER"]
[SourceTitle "EXT 2012"]
[Source "ChessBase"]
[SourceDate "2011.11.24"]
[SourceVersion "1"]
[SourceVersionDate "2011.11.24"]
[SourceQuality "1"]

1. e4 d5 2. exd5 Qxd5 3. Nf3 Nf6 4. d4 Bg4 5. Be2 Nc6 6. Be3 e6 7. a3 Be7 8. Nbd2 0-0 9. 0-0 Nb8 10. c4 Qd8 11. b4 c6 12. Qb3 Nbd7 13. Rfe1 Qc7 14. Rac1 b6 15. Bf1 a5 16. Ra1 c5 17. dxc5 bxc5 18. b5 a4 19. Qc2 e5 20. Be2 Nb6 21. Ne4 Nxe4 22. Qxe4 Bxf3 23. Bxf3 f5 1/2-1/2

[Event "Werther Schloss op-B 12th"]
[Site "Werther"]
[Date "2006.04.08"]
[Round "3"]
[White "Gulatz, Maurice"]
[Black "Stork, Joachim"]
[Result "0-1"]
[WhiteElo "1817"]
[BlackElo "2018"]
[PlyCount "64"]
[EventDate "2006.04.07"]
[EventType "swiss"]
[EventRounds "5"]
[EventCountry "GER"]
[SourceTitle "EXT 2008"]
[Source "ChessBase"]
[SourceDate "2007.11.25"]
[SourceVersion "1"]
[SourceVersionDate "2007.11.25"]
[SourceQuality "1"]

1. Nf3 f5 2. g3 Nf6 3. Bg2 e6 4. 0-0 Be7 5. d4 0-0 6. c4 a5 7. Nc3 Ne4 8. Qc2 Nxc3 9. Qxc3 d6 10. Re1 Nc6 11. e4 e5 12. exf5 Bxf5 13. Be3 Be4 14. Bg5 Bxf3 15. Bxe7 Qxe7 16. Bxf3 Qf6 17. Bd5+ Kh8 18. dxe5 Qxf2+ 19. Kh1 Nxe5 20. Rf1 Qb6 21. c5 Qa6 22. Kg1 Rad8 23. cxd6 cxd6 24. Qc7 b5 25. Qe7 Qb6+ 26. Kg2 Ng6 27. Qe6 Rfe8 28. Qf5 Re5 29. Qf7 Qd4 30. Rad1 Qxb2+ 31. Rf2 Re2 32. Rdf1 Rf8 0-1

[Event "Werther Schloss op-A 11th"]
[Site "Werther"]
[Date "2005.03.20"]
[Round "4"]
[White "Stork, Joachim"]
[Black "Klein, Felix"]
[Result "0-1"]
[WhiteElo "1924"]
[BlackElo "2152"]
[PlyCount "46"]
[EventDate "2005.03.18"]
[EventType "swiss"]
[EventRounds "5"]
[EventCountry "GER"]
[SourceTitle "CBM 105 Extra"]
[Source "ChessBase"]
[SourceDate "2005.05.01"]
[SourceVersion "1"]
[SourceVersionDate "2005.05.01"]
[SourceQuality "1"]

1. d4 d5 2. Nf3 c6 3. e3 e6 4. Bd3 Bd6 5. Nbd2 f5 6. Ne5 Nf6 7. 0-0 0-0 8. f4 b6 9. Ndf3 Bb7 10. c4 Nbd7 11. Qa4 Qe8 12. cxd5 Nxd5 13. Bd2 N7f6 14. b4 c5 15. Bb5 Qe7 16. bxc5 bxc5 17. Bc6 Bxc6 18. Qxc6 Rfc8 19. Qa4 Ne4 20. Rfe1 cxd4 21. Nc6 Qe8 22. Rac1 dxe3 23. Rxe3 Nxd2 0-1

[Event "Werther Schloss op-A 11th"]
[Site "Werther"]
[Date "2005.03.19"]
[Round "3"]
[White "Herholz, Holger"]
[Black "Stork, Joachim"]
[Result "0-1"]
[WhiteElo "2112"]
[BlackElo "1924"]
[PlyCount "50"]
[EventDate "2005.03.18"]
[EventType "swiss"]
[EventRounds "5"]
[EventCountry "GER"]
[SourceTitle "CBM 105 Extra"]
[Source "ChessBase"]
[SourceDate "2005.05.01"]
[SourceVersion "1"]
[SourceVersionDate "2005.05.01"]
[SourceQuality "1"]

1. d4 f5 2. c4 Nf6 3. Nc3 e6 4. Nf3 b6 5. g3 Bb7 6. Bg2 Be7 7. 0-0 0-0 8. Re1 Ne4 9. Nxe4 fxe4 10. Nd2 d5 11. e3 Bd6 12. cxd5 exd5 13. f3 exf3 14. Bxf3 Qg5 15. Kg2 Nc6 16. a3 Rae8 17. e4 Bf4 18. Nb3 dxe4 19. Rxe4 Rxe4 20. Bxe4 Be3 21. Qe2 Nxd4 22. Qc4+ Kh8 23. Bxb7 Rf2+ 24. Kh1 Qh5 25. Bg2 Qd1+ 0-1

[Event "Lippe Cup 01st"]
[Site "Lieme"]
[Date "2004.10.24"]
[Round "5"]
[White "Schaffarczyk, Andre"]
[Black "Stork, Joachim"]
[Result "1-0"]
[WhiteElo "2144"]
[BlackElo "1925"]
[PlyCount "59"]
[EventDate "2004.10.22"]
[EventType "swiss"]
[EventRounds "5"]
[EventCountry "GER"]
[SourceTitle "EXT 2012"]
[Source "ChessBase"]
[SourceDate "2011.11.24"]
[SourceVersion "1"]
[SourceVersionDate "2011.11.24"]
[SourceQuality "1"]

1. e4 d5 2. exd5 Qxd5 3. Nc3 Qa5 4. d4 c6 5. Bc4 Bf5 6. Nf3 Nf6 7. Ne5 e6 8. g4 Bg6 9. h4 Nbd7 10. Nxd7 Nxd7 11. h5 Be4 12. Rh3 Bd5 13. Be2 c5 14. Kf1 Bc6 15. d5 exd5 16. Re3+ Kd8 17. Nxd5 c4 18. Bxc4 Qc5 19. Bb3 Qd6 20. Rd3 Qh2 21. Bf4 Qh1+ 22. Ke2 Qg2 23. Rg3 Bb5+ 24. c4 Qe4+ 25. Re3 Bxc4+ 26. Bxc4 Qxc4+ 27. Kf3 Bc5 28. Rc1 Qb5 29. a4 Qxb2 30. Rxc5 1-0

[Event "Lippe Cup 01st"]
[Site "Lieme"]
[Date "2004.10.23"]
[Round "3"]
[White "Cinar, Kasim"]
[Black "Stork, Joachim"]
[Result "1/2-1/2"]
[WhiteElo "1702"]
[BlackElo "1925"]
[PlyCount "81"]
[EventDate "2004.10.22"]
[EventType "swiss"]
[EventRounds "5"]
[EventCountry "GER"]
[SourceTitle "EXT 2012"]
[Source "ChessBase"]
[SourceDate "2011.11.24"]
[SourceVersion "1"]
[SourceVersionDate "2011.11.24"]
[SourceQuality "1"]

1. f4 d5 2. Nf3 f5 3. e3 Nf6 4. Be2 e6 5. b3 Be7 6. Bb2 0-0 7. 0-0 c5 8. c4 Nc6 9. d4 Ne4 10. Nbd2 Qb6 11. Nxe4 dxe4 12. Ne5 cxd4 13. Nxc6 Qxc6 14. Bxd4 Rd8 15. Qc2 Bc5 16. Rad1 Bxd4 17. Rxd4 Rxd4 18. exd4 Qd6 19. d5 exd5 20. cxd5 Bd7 21. g3 Rc8 22. Qd2 Qc5+ 23. Kg2 Kf7 24. Rd1 a6 25. a4 b5 26. d6 Kf6 27. axb5 axb5 28. Qd4+ Qxd4 29. Rxd4 Rc2 30. Kf1 Ke6 31. Rb4 Rc5 32. g4 Kxd6 33. gxf5 Bc6 34. Rd4+ Bd5 35. b4 Rc1+ 36. Rd1 Rxd1+ 37. Bxd1 Bc4+ 38. Kf2 Bd3 39. Ke3 Ke7 40. Bb3 Kf6 41. Be6 1/2-1/2